000 004420000a22001930004500
001 1622
003 CO-MdFUSB
005 20170515161143.0
008 170515b xxu||||| |||| 00| 0 eng d
020 _a978-84-261-3685-5
040 _cCO-MdBIC
082 0 4 _a863C Sch882b
100 1 _aSchussuw, Peter
245 1 0 _aBebé Dodo / Peter Schussuw
250 _a1a ed.
260 _aBarcelona : Juventud
300 _a46 P.
942 _cLGB
999 _c48780
_d48780